The clue of the left-handed envelope / (Record no. 851)

MARC details
000 -LEADER
fixed length control field 01125nam a22003137a 4500
005 - DATE AND TIME OF LATEST TRANSACTION
control field 20250404102017.0
020 ## - INTERNATIONAL STANDARD BOOK NUMBER
International Standard Book Number 0689821948
040 ## - CATALOGING SOURCE
Original cataloging agency DLC
Transcribing agency DLC
Modifying agency DLC
Language of cataloging eng
050 00 - LIBRARY OF CONGRESS CALL NUMBER
Classification number PZ7.S78694
Item number Ck 2000
082 00 - DEWEY DECIMAL CLASSIFICATION NUMBER
Classification number 899.22108002
Edition number 21
100 1# - MAIN ENTRY--PERSONAL NAME
Personal name Stanley, George Edward.
245 14 - TITLE STATEMENT
Title The clue of the left-handed envelope /
Statement of responsibility, etc. George E. Stanley ; illustrated by Salvatore Murdocca.
250 ## - EDITION STATEMENT
Edition statement First Scholastic printing, April 2002
260 ## - PUBLICATION, DISTRIBUTION, ETC.
Place of publication, distribution, etc. New York :
Name of publisher, distributor, etc. Scholastic,
Date of publication, distribution, etc. 2002.
300 ## - PHYSICAL DESCRIPTION
Extent 62 pages :
Other physical details illustrations ;
Dimensions 20 cm.
490 1# - SERIES STATEMENT
Series statement Third-grade detectives ;
Volume/sequential designation Book 1
500 ## - GENERAL NOTE
General note "Ready-for-chapters"--Cover.
505 ## - FORMATTED CONTENTS NOTE
Formatted contents note N <br/>
520 ## - SUMMARY, ETC.
Summary, etc. With the help of their third-grade teacher and classmates, Noelle and Todd discover who sent an anonymous letter to Amber Lee.
521 1# - TARGET AUDIENCE NOTE
Target audience note 550 <br/>
Source Lexile <br/>
521 1# - TARGET AUDIENCE NOTE
Target audience note N <br/>
Source Raz-Plus <br/>
650 #1 - SUBJECT ADDED ENTRY--TOPICAL TERM
Topical term or geographic name entry element Schools
Form subdivision Fiction.
650 #1 - SUBJECT ADDED ENTRY--TOPICAL TERM
Topical term or geographic name entry element Envelopes (Stationery)
Form subdivision Fiction.
650 #1 - SUBJECT ADDED ENTRY--TOPICAL TERM
Topical term or geographic name entry element Mystery and detective stories.
700 1# - ADDED ENTRY--PERSONAL NAME
Personal name Murdocca, Salvatore.
Relator term illustrator.
906 ## - LOCAL DATA ELEMENT F, LDF (RLIN)
a 7
b cbc
c orignew
d 3
e ncip
f 20
g y-gencatlg
942 ## - ADDED ENTRY ELEMENTS (KOHA)
Source of classification or shelving scheme Dewey Decimal Classification
Koha item type Books
Suppress in OPAC No
999 ## -
-- 851
-- 851
Holdings
Withdrawn status Lost status Source of classification or shelving scheme Damaged status Not for loan Collection Home library Current library Shelving location Date acquired Total Checkouts Full call number Barcode Date last seen Date last checked out Price effective from Koha item type Copy number
    Dewey Decimal Classification     Juvenile Fiction Footprints International School Library Network Toul Kork Campus Footprints International School Library Network Toul Kork Campus TK Primary Library Room(4th Floor), Bookcase 3&4, Shelves 17-32, Yellow Books 07/11/2023 2 STA Fic 899.22108002 PZ7.S78694 FISTK00173 11/02/2023 10/26/2023 07/11/2023 Books  
    Dewey Decimal Classification     Juvenile Fiction Footprints International School Library Network Toul Kork Campus Footprints International School Library Network Toul Kork Campus TTP Primary Yellow Bookshelves 02/10/2025   STA Fic 899.22108002 PZ7.S78694 2025-0471 02/10/2025   02/10/2025 Books 2
    Dewey Decimal Classification     Juvenile Fiction Footprints International School Library Network Toul Tom Poung Campus Footprints International School Library Network Toul Tom Poung Campus TTP Primary Yellow Bookshelves 04/04/2025   STA Fic 899.22108002 PZ7.S78694 2025-0968 04/04/2025   04/04/2025 Books 3